Report on General Education Seminar, October 11th to 14th, 1963. (Record no. 88181)
[ view plain ]
| 000 -LEADER | |
|---|---|
| fixed length control field | 00929cam a2200253 4500 |
| 001 - CONTROL NUMBER | |
| control field | sa 68018105 |
| 003 - CONTROL NUMBER IDENTIFIER | |
| control field | DLC |
| 005 - DATE AND TIME OF LATEST TRANSACTION | |
| control field | 20260227112708.0 |
| 008 - FIXED-LENGTH DATA ELEMENTS--GENERAL INFORMATION | |
| fixed length control field | 710907s1963 ii 100 0 eng |
| 010 ## - LIBRARY OF CONGRESS CONTROL NUMBER | |
| LC control number | sa 68018105 |
| 025 ## - OVERSEAS ACQUISITION NUMBER | |
| Overseas acquisition number | PL480:I-E-10775 |
| 040 ## - CATALOGING SOURCE | |
| Original cataloging agency | DLC |
| Transcribing agency | DLC |
| Modifying agency | DLC |
| 043 ## - GEOGRAPHIC AREA CODE | |
| Geographic area code | a-ii--- |
| 050 00 - LIBRARY OF CONGRESS CALL NUMBER | |
| Classification number | LC2322 |
| Item number | .G4 1963 |
| 111 2# - MAIN ENTRY--MEETING NAME | |
| Meeting name or jurisdiction name as entry element | General Education Seminar, |
| Location of meeting | S.N.D.T. Women's University, |
| Date of meeting or treaty signing | 1963. |
| 245 10 - TITLE STATEMENT | |
| Title | Report on General Education Seminar, October 11th to 14th, 1963. |
| 260 ## - PUBLICATION, DISTRIBUTION, ETC. | |
| Place of publication, distribution, etc. | Bombay, |
| Name of publisher, distributor, etc. | S.N.D.T. Women's University |
| Date of publication, distribution, etc. | [1963?] |
| 300 ## - PHYSICAL DESCRIPTION | |
| Extent | 124 p. |
| Dimensions | 28 cm. |
| 500 ## - GENERAL NOTE | |
| General note | "Sponsored by the S.N.D.T. Women's University with the help of the University Grants Commission." |
| 650 #0 - SUBJECT ADDED ENTRY--TOPICAL TERM | |
| Topical term or geographic name entry element | Women |
| General subdivision | Education |
| Geographic subdivision | India |
| General subdivision | Congresses. |
| 650 #0 - SUBJECT ADDED ENTRY--TOPICAL TERM | |
| Topical term or geographic name entry element | General education |
| Geographic subdivision | India |
| General subdivision | Congresses. |
| 710 2# - ADDED ENTRY--CORPORATE NAME | |
| Corporate name or jurisdiction name as entry element | Shreemati Nathibai Damodar Thackersey Women's University. |
| 710 1# - ADDED ENTRY--CORPORATE NAME | |
| Corporate name or jurisdiction name as entry element | India. |
| Subordinate unit | University Grants Commission. |
No items available.